Wilhelm Löhe. (Record no. 67537)
[ view plain ]
| 000 -LEADER | |
|---|---|
| fixed length control field | 00655nam a22002177a 4500 |
| 003 - CONTROL NUMBER IDENTIFIER | |
| control field | SEM |
| 005 - DATE AND TIME OF LATEST TRANSACTION | |
| control field | 20220608073932.0 |
| 008 - FIXED-LENGTH DATA ELEMENTS--GENERAL INFORMATION | |
| fixed length control field | 171027b xxu||||| |||| 00| 0 germ |
| 020 ## - INTERNATIONAL STANDARD BOOK NUMBER | |
| International Standard Book Number | 3772601561 |
| 040 ## - CATALOGING SOURCE | |
| Original cataloging agency | |
| Transcribing agency | |
| 041 0# - LANGUAGE CODE | |
| Language code of text/sound track or separate title | germ. |
| 082 ## - DEWEY DECIMAL CLASSIFICATION NUMBER | |
| Classification number | 284.1(092)/L-85O |
| 100 1# - MAIN ENTRY--PERSONAL NAME | |
| Personal name | Ost Werner |
| 245 14 - TITLE STATEMENT | |
| Title | Wilhelm Löhe. |
| Remainder of title | Sein Leben und sein Ringen um eine apostolische Kirche. / |
| Statement of responsibility, etc. | W. Ost |
| 260 ## - PUBLICATION, DISTRIBUTION, ETC. | |
| Place of publication, distribution, etc. | Neuendettelsau: |
| Name of publisher, distributor, etc. | Freimund-Verlag, |
| Date of publication, distribution, etc. | 1992. |
| 300 ## - PHYSICAL DESCRIPTION | |
| Extent | 205 S.; |
| Dimensions | 20 cm. |
| 600 ## - SUBJECT ADDED ENTRY--PERSONAL NAME | |
| Personal name | Löhe Wilhelm |
| Dates associated with a name | (1808-1872) |
| Fuller form of name | (Löhe Johann Konrad Wilhelm) |
| 650 ## - SUBJECT ADDED ENTRY--TOPICAL TERM | |
| Topical term or geographic name entry element | Protestant pastors |
| General subdivision | biography |
| 650 ## - SUBJECT ADDED ENTRY--TOPICAL TERM | |
| Topical term or geographic name entry element | Protestantism |
| 942 ## - ADDED ENTRY ELEMENTS (KOHA) | |
| Source of classification or shelving scheme | Universal Decimal Classification |
| Koha item type | Գրքեր/Books |
| Withdrawn status | Lost status | Source of classification or shelving scheme | Damaged status | Not for loan | Collection code | Home library | Current library | Date acquired | Inventory number | Total Checkouts | Full call number | Barcode | Date last seen | Price effective from | Koha item type | Public note |
|---|---|---|---|---|---|---|---|---|---|---|---|---|---|---|---|---|
| Universal Decimal Classification | Գրապահոց | Մայր Աթոռ Սուրբ Էջմիածին «Վաչե և Թամար Մանուկյան» Մատենադարան | Մայր Աթոռ Սուրբ Էջմիածին «Վաչե և Թամար Մանուկյան» Մատենադարան | 27/10/2017 | Germ-1653 | 284.1(092)/L-85O | Germ-1653 | 27/10/2017 | 08/06/2022 | Գրքեր/Books | Սպասարկվում է ընթերցասրահ |